000 00406nam a2200145Ia 4500
003 GCL
008 140319s9999 xx 000 0 ara d
040 _aGCL /
_cGCL
082 0 4 _a812.9
_bع   ن 
100 1 _aعبدالرحمن الشرقاوى
650 0 4 _aالادب العربى
650 0 4 _aعبدالرحمن الشرقاوى
650 0 4 _aالمسرحيات الشعرية
942 _2ddc
_cBK
999 _c37518
_d37518